02565cam a22005534i 4500003000900000005001700009008004100026020001500067020001800082035002700100040004300127082002200170100004200192245007000234264003600304300005600340336002100396337002500417338002300442490004600465505111500511526001001626526001001636526001001646526001001656526001001666526000901676526000901685526000901694526000901703526000901712526000901721526000901730526000901739526000901748526000901757526000801766526000801774526000801782526000801790526000801798526000801806541001701814650003901831650004601870650002701916650004501943650002301988PE-LiUPU20250731170452.0150706s2009 pe a r 000 0 spa d a6124023091 a9786124023095 a(Sirsi) i9786124023095 aPE-LiUPUbspacPE-LiUPUdPE-LiUPUerda04a155.4222bR532211 aRico Molina, Mirella,d1980-,eautor.10aActividades para el niño de 0 a 6 meses /cMirella Rico Molina. 1aLima :bSouthern Perú,c2009. a170 páginas :bilustraciones ;c21 centímetros. atext2rdacontent aunmediated2rdamedia avolume2rdacarrier0 aGuía para madres: Maestras de sus hijos0 aGuía para madres: maestras en la educación de sus hijos -- Actividades para el niño de 0 a 6 meses -- Recomendaciones para realizar las actividades estructura -- ¿Cómo es el bebé del nacimiento al primer mes de vida? -- Actividades para el bebé del nacimiento al primer mes -- ¿Cómo es el bebé del primer al segundo mes de vida? -- Actividades para el bebé del primer al segundo mes -- ¿Cómo es el bebé del segundo al tercer mes de vida? -- Actividades para el bebé del segundo al tercer mes -- ¿Cómo es el bebé del tercer al cuarto mes de vida? -- Actividades para el bebé del tercer al cuarto mes -- ¿Cómo es el bebé del cuarto al quinto mes de vida? -- Actividades para el bebé del cuarto al quinto mes de vida? -- ¿Cómo es el bebé del quinto al sexto mes de vida? -- Actividades para el bebé del quinto al sexto mes? -- Logros educativos para el nivel inicial -- Nuestro aporte educativo --Áreas curriculares y competencias del primer ciclo de educación inicial (0 a 2 años) -- Capacidades a desarrollar según las Áreas Curriculares de 0 a 6 meses. aSEG68 aSEG70 aSEG69 aSEG67 aSEG43 aP144 aP143 aP131 aP122 aP120 aP117 aP112 aP110 aP106 aP101 aP80 aP59 aP54 aP35 aP33 aP30 g015-0012763;14aEstimulación tempranavManuales.14aMotivavación (Psicología) en niños.24aPsicología Infantil.24aNiños recien nacidosxSalud e higiene.24aLactencia materna.